| 000 | 00860nam a2200325Ia 4500 | ||
|---|---|---|---|
| 001 | 18367 | ||
| 003 | IT-RoPAU | ||
| 008 | 130308s9999 xx 000 0 und d | ||
| 040 | _aIT-RoPAU | ||
| 040 | _cIT-RoPAU | ||
| 041 | _aFRANCESE | ||
| 100 | _aGrosjean Francois | ||
| 100 | _gCodice Aut. SPICS: 12797 | ||
| 245 | _aLangue des signes (La) | ||
| 245 | _bLangue des Signes (La) | ||
| 250 | _a1a ed. | ||
| 260 | _aPARIS | ||
| 260 | _bLarousse | ||
| 260 | _c1979 [1° Ed.:1979 - Ed.Ling.Originale:1979] | ||
| 300 | _a"124 p. (prefazione: no ; testo: 124)" | ||
| 500 | _aLingua dei Segni Saggi di Autori Vari | ||
| 650 | _aLINGUISTICA | ||
| 650 | _eCodice materia Spics: 3201 | ||
| 700 | _aLane HarlanAA.VV. | ||
| 700 | _gCodice Aut. SPICS: 12840Codice Aut. SPICS: 12000 | ||
| 942 | _cBK | ||
| 957 | _71 | ||
| 999 |
_c65568 _d65568 |
||
| 999 | _bSI | ||
| 999 | _g1 | ||